|
|
|
|
| LEADER |
00000nab a2200000 a 4500 |
| 001 |
vtls008847951 |
| 003 |
SK-MaSNL |
| 005 |
20260304140022.0 |
| 008 |
250505c2006 xo |||||||||||000 b|slo |
| 015 |
|
|
|a SNBRB2006/09
|2 snkbucl
|
| 035 |
|
|
|a (uuid)65e5d48e-671e-4d05-a4a3-8a075efeaafa
|
| 035 |
|
|
|a urn:nbn:sk:snk-abxty
|
| 035 |
|
|
|a (urnnbn)urn:nbn:sk:snk:ar-a052ro
|
| 038 |
|
|
|a SNKBUCL
|
| 040 |
|
|
|a SNKBUCL
|b slo
|c SNKBUCL
|e AACR2
|
| 041 |
0 |
|
|a cze
|b eng
|b cze
|
| 044 |
|
|
|a xo
|c SK
|
| 080 |
|
|
|a 53:159.95
|2 1997
|
| 080 |
|
|
|a 372.853
|2 1997
|
| 100 |
1 |
|
|a Vybíral, Bohumil,
|d 1937-
|4 aut
|9 115737
|
| 245 |
1 |
0 |
|a Fyzikální poznávání světa a vzdělávání ve fyzice
|c Bohumil Vybíral
|
| 504 |
|
|
|a Bibliogr. odkazy
|
| 546 |
|
|
|a Res. angl., čes.
|
| 650 |
0 |
7 |
|a poznávanie sveta
|2 snkbucl
|9 1455983
|
| 650 |
0 |
7 |
|a fyzika
|2 snkbucl
|9 816
|
| 650 |
0 |
7 |
|a vyučovanie
|2 snkbucl
|9 1522
|
| 773 |
0 |
|
|t Obzory matematiky, fyziky a informatiky
|g Roč. 35, č. 1 (2006), s. 37-50
|x 1335-4981
|
| 850 |
|
|
|a Slovenská národná knižnica
|
| 852 |
|
|
|a Slovenská národná knižnica
|
| 958 |
|
|
|a article27
|
| 958 |
|
|
|a NB
|
| 958 |
|
|
|a OND
|
| 958 |
|
|
|a EUIPO
|
| 999 |
|
|
|c 2913196
|d 2915126
|